Movies Quiz

Random Movies or Quote Quiz

The Godfather: Character References Quiz Stats

 Plays Quiz Updated Feb 17, 2018

Challenge
Share
Tweet
Embed
Score 0/40 Timer 09:00
1 Play Today
% Correct
Johnny Fontane
79.8%
Luca Brasi
78.8%
Don Corleone
77.9%
Captain McCluskey
70.2%
Sonny
67.2%
Tom
65.8%
Vito Corleone
65.2%
Fredo
64.5%
Moe Greene
64%
Clemenza
63.7%
Sollozzo
63.4%
Kay
62%
Enzo
60.8%
Khartoum
60.6%
Godfather
59.8%
Michael Corleone
58.9%
Johnny
58.3%
The Don
57.1%
Santino
57%
Pop
54.9%
% Correct
Carlo
52.1%
Don Barzini
51.5%
Tessio
51.4%
Barzini
50.3%
Fabrizio
48.9%
Paulie
48.9%
Mikey
48.1%
Michael
47.5%
Michele Corleone
47.1%
Connie
45.4%
Sandra
43.9%
Mom
43.4%
Bruno Tattaglia
42.5%
Genco
37.4%
Freddie
36.7%
Rocco
36.4%
Tattaglia
35.3%
Don Francesco
35.2%
Victor Strachi
35.1%
Pete
23.9%

You're not logged in!

Compare scores with friends on all Sporcle quizzes.
OR
Log In

You Might Also Like...

Show Comments

Extras

Top Quizzes Today


Score Distribution

Your Account Isn't Verified!

In order to create a playlist on Sporcle, you need to verify the email address you used during registration. Go to your Sporcle Settings to finish the process.

Report this User

Report this user for behavior that violates our Community Guidelines.

Details: